000 nam a22 4500
999 _c102336
_d102335
005 20190726092743.0
008 190725b ||||| |||| 00| 0 eng d
080 _a639.2:741.5(540)
_bJAY/G R
100 _aJayaprakash. A.A
245 _aGlimpses of indian fisheries
_ba caricature
260 _aErnakulam
_bCMRI
_c2016
300 _a76p.
942 _cREF